000 00519nam a2200193Ia 4500
003 GCL
008 140319s9999 xx 000 0 eng d
040 _aGCL /
_cGCL
082 0 4 _a371.624
_bS R
100 1 _aSMILEY, DEAN F
245 1 0 _aTHE ROLE OF THE TEACHER IN HEALTH EDUCATION /
_cSMILEY, DEAN F
700 1 _aSTRANGE, RUTH M.
260 _a[S.N] :
_bTHE MACMILLAN COMPANY ،
_c1941
300 _a359 P
650 0 4 _aEDUCATION
650 0 4 _aHEALTH EDUCATION
650 0 4 _aHEALTH PROBLEMS
942 _2ddc
_cBK
999 _c14869
_d14869